| 000 | 00503nam a2200157 a 4500 | ||
|---|---|---|---|
| 001 | 000044181 | ||
| 005 | 20201002045211.0 | ||
| 008 | 140605s2010 dr 000 0 spa d | ||
| 020 | _a9789945131291 | ||
| 040 |
_aDO-SdBNP _bspa _cBNPHU |
||
| 082 |
_axxxxxx _bxxxxxx |
||
| 100 | 1 |
_aPeñaló S., Paulino A. _972185 |
|
| 245 | 1 | 3 |
_aEl código de peñaló : _bprincipios de superación y seguridad personal / _cPaulino A. Peñaló S. |
| 260 |
_aSanto Domingo : _bMediabyte, _c2010. |
||
| 300 |
_a167 p. ; _c22 cm. |
||
| 999 |
_c43670 _d43670 |
||